000 00449nam a2200169Ia 4500
003 GCL
008 140319s9999 xx 000 0 eng d
040 _aGCL /
_cGCL
082 0 4 _a069
_bK M
100 1 _aKALINICHEVA, Z.V.
245 1 0 _aTHE MUSEUM OF THE HISTORY OF RELIGION AND ATHEISM /
_cKALINICHEVA, Z.V.
260 _a[S.N] :
_bLENINGRAD ،
_c1967
300 _a51 P
650 0 4 _aMUSEUMS
650 0 4 _aMUSEUMS - RELIGION
942 _2ddc
_cBK
999 _c10890
_d10890